| 000 | 00716nam a22002417a 4500 | ||
|---|---|---|---|
| 003 | UA-OsUOA | ||
| 001 | 28977 | ||
| 007 | ta | ||
| 008 | 20050519b un ||||| |||| 00| 0 ukr d | ||
| 100 | _aАнтонов В. Ф. | ||
| 090 |
_a94(47+57) _bА72 |
||
| 942 | _cBK | ||
| 040 |
_aUA-OsUOA _bukr _cUA-OsUOA _dUA-OsUOA |
||
| 245 |
_aКнига для чтения по истории СССР с древнейших времен до конца 18 века _bПособие для учащихся. 7 кл. |
||
| 300 |
_a224 с. _bІлюстрації |
||
| 955 | _a0 | ||
| 041 | _aukr | ||
| 080 | _a94(47+57) | ||
| 260 |
_aМ. _bПросвещение _c1976 |
||
| 044 | _aUA | ||
| 650 | 7 | _2UDC | |
| 999 |
_c315354 _d315354 |
||